000
00307nam a22001337a 4500
020
_a
978-93-5103-238-9
082
_a
001
_b
BRO/W
100
_a
BRPWN, LEAREN
245
_a
WHERE IN THE WORLD
_b
WORLD-FAMOUSE LANDMARK
260
_a
NEW YORK
_b
SCHOLASTIC
300
_a
32
650
_a
GK
_z
NEW YORK
942
_c
BK
999
_c
6364
_d
6364